Embargos ̉execuȯ̂ no novo CPC

Bibliographic Details
Main Author: Apoliano Cardoso, Hľio
Format: eBook
Language:Portuguese
Published: San Pablo: JH Mizuno, 2017
Subjects:
Online Access:Acceso restringido

MARC

LEADER 00000nam a22000007a 4500
005 20180312230618.0
007 cr|||| |||
008 180312s2017 br |||||s|||| 00||0 por d
020 |a 978-85-7789-313-3 
035 |a 21050 
040 |a vLex 
090 |c 7455  |d 7455 
100 1 |a Apoliano Cardoso, Hľio 
245 1 0 |a Embargos ̉execuȯ̂ no novo CPC  |h [Recurso electrn̤ico] /  |c Hľio Apoliano Cardoso 
256 |a Servicio en ln̕ea 
260 |a San Pablo:  |b JH Mizuno,  |c 2017 
300 |a 1 recurso electrn̤ico 
506 1 |a Disponible solo en los productos indicados  |d vLex Global  |d vLex Global (Academic Edition, excluding Law Schools)  |d vLex Global (U.S. Academic Edition, Law Schools)  |d vLex Global (U.S. Academic Edition, excluding Law Schools)  |d vLex Global (Academic Edition, Law Schools) 
650 0 4 |a Procedimiento Civil  |z Brasil 
740 0 |a vLex Libros (Servicio en ln̕ea) 
856 4 0 |u http://vlex.com/source/embargos-execu-o-novo-cpc-21050  |z Acceso restringido 
942 |c BOOK 
999 0 |a Civil Procedure